Guess the Fusion Rock Song Lyrics #318 - Statistics

General Stats
  • This quiz has been taken 13 times
  • The average score is 141 of 198
Answer Stats
Answer % Correct
a
100%
And
100%
I
100%
the
100%
to
100%
you
100%
all
91%
as
91%
can
91%
do
91%
is
91%
it
91%
it's
91%
we
91%
for
82%
For
82%
If
82%
me
82%
One
82%
time
82%
we're
82%
your
82%
could
73%
make
73%
Oh
73%
heart
64%
like
64%
more
64%
need
64%
not
64%
of
64%
things
64%
think
64%
Think
64%
Wouldn't
64%
wouldn't
64%
give
55%
gonna
55%
got
55%
had
55%
now
55%
something
55%
times
55%
try
55%
hand
45%
Haven't
45%
told
45%
better
36%
end
36%
enough
36%
Even
36%
friend
36%
old
36%
use
36%
become
27%
keep
27%
Needing
27%
rough
27%
simple
27%
Whatever
27%
blue
18%
both
18%
it'll
18%
Looks
18%
Maybe
18%
Melissa Manchester
18%
Midnight
18%
morning
18%
til
18%
No matching quizzes found
Score Distribution
Percent of People with Each Score
Percentile by Number Answered
Your Score History
You have not taken this quiz